| 000 | 00406cam a2200169ua 4500 | ||
|---|---|---|---|
| 020 | _c1.50 | ||
| 041 |
_amal _h |
||
| 082 |
_a894.812308 _bMAR/SA |
||
| 100 | _aMarar, S.K . | ||
| 245 |
_aSandhyayum Mazhavillum / _cS.K.Marar. _hTextual Documents |
||
| 260 |
_aKodungallur : _bKerala Book house , _c1966. |
||
| 300 | _a125 ; . | ||
| 365 | _a1.50 | ||
| 504 | _a | ||
| 942 | _cBK | ||
| 999 |
_c896 _d896 |
||